000 01146nam a22003137a 4500
005 2011112208108.0
008 111122t xxu||||| |||| 00| 0 eng d
010 _aENG-104172
020 _a9780071333535
_c325.00
020 _a0071333533
_c325.00
035 _aEN-87705
037 _bDBAD/PUB
040 _aDPL
_bEng
082 0 0 _a530.12
100 1 _936032
245 1 0 _aQuantum mechanics /
_cby Yoav Peleg ... [et al]
250 _a2nd ed
260 _aNew Delhi
_bTata McGraw Hill
_c2011
270 _a7 West Patel Nagar
_bNew Delhi
_e110008
300 _aix, 361p.
_c28cm(pbk)
490 _aSchaum’s outlines
_936054
500 _aIncludes index.
650 0 _aQuantum theory
_936033
_vProblems, exercises, etc.
650 0 _aQuantum theory
_936034
_vOutlines, syllabi, etc.
700 1 _aPeleg, Yoav
_936036
942 _2ddc
_cEN
_h530.12
_mQUA
999 _c58629
_d58629